000 00561cam a22002291 4500
001 sa 64006452
003 DLC
005 20260227112039.0
008 890705s1962 ii 000 0 urdr
010 _asa 64006452
035 _a(OCoLC)19963641
040 _aDLC
_cWaU
_dDLC
042 _apremarc
050 0 0 _aBP188
_b.A35 1962
100 0 _aAhmad Said,
_d1887-1959.
245 1 0 _aJannat kī kunjī.
260 _c[1962]
300 _a400 p.
_c19 cm.
500 _aIn Urdu.
500 _aText partially vocalized.
650 0 _aReligious life
_xIslam.
999 _c59707
_d59707